000 00678nam a2200253Ia 4500
003 OSt
005 20221007102856.0
006 a|||||r|||| 00| 0
007 ta
008 221006b |||||||| |||| 00| 0 eng d
024 _a11,622
037 _cTextual
040 _aLCO
_cLCO
_beng
041 _2eng
_aeng
082 _aX:97D:(Z2), N3
100 _aSrivastava K.D.
245 0 _aLaw Relating to Trade Unions and Unfair Labour Practices in India
250 _a3rd
260 _aLucknow
_bEastern Book Company India
_c1993
300 _a843
650 _aLABOUR
942 _hX:97D:(Z2), N3
_cTEXL
999 _c1181185
_d1181185